000 00604nam a2200193 a 4500
001 000021304
005 20200930011306.0
008 100903s1999 cl r 000 f spa d
020 _a8420422967
040 _aDO-SdBNP
_cBNPHU
082 _aCu863.44
_bC117t
100 1 _aCabrera Infante, Guillermo,
_d1929-2005.
_914776
245 1 0 _aTodo esta hecho con espejos :
_bCuentos casi completos /
_cGuillermo Cabrera Infante.
260 _aMadrid :
_bAlfaguara,
_c1999.
300 _a248, [6] p. ;
_c24 cm.
650 4 _aCuentos cubanos
_91482
650 4 _aLiteratura cubana
_ySIGLO XX
_99186
049 _aBNGR
999 _c20804
_d20804